Management and Organizational Behavior : An Integrated Perspective. (Record no. 3222)

MARC details
005 - DATE AND TIME OF LATEST TRANSACTION
control field 20250605124241.0
020 ## - INTERNATIONAL STANDARD BOOK NUMBER
International Standard Book Number 0-324-04958-7
082 ## - DEWEY DECIMAL CLASSIFICATION NUMBER
Classification number TEA. LECT 658 PIE
100 ## - MAIN ENTRY--PERSONAL NAME
Author name PIERCE, J. L.
245 ## - TITLE STATEMENT
Title Management and Organizational Behavior : An Integrated Perspective.
260 ## - PUBLICATION, DISTRIBUTION, ETC.
Place of publication, distribution, etc. Australia,
Name of publisher, distributor, etc. South-Western,
Date of publication, distribution, etc. 2002.
300 ## - PHYSICAL DESCRIPTION
Extent xxi,703p.: ill.; figure, picture, table
Other physical details Glossary & Index
Dimensions 26cm.
700 ## - ADDED ENTRY--PERSONAL NAME
Other authors/Editors GARDNER, D. D.
856 ## - ELECTRONIC LOCATION AND ACCESS
Link text Access Online Book
Electronic name Management
Path http://management.swcollege.com
942 ## - ADDED ENTRY ELEMENTS (KOHA)
Source of classification or shelving scheme Dewey Decimal Classification
Koha item type Books
Holdings
Date last seen Total checkouts Full call number Barcode Cost, replacement price Price effective from Koha item type Lost status Source of classification or shelving scheme Damaged status Not for loan Withdrawn status Home library Current library Shelving location Date acquired Cost, normal purchase price
06/26/2025   658PIE DOM0001625 299733.00 06/26/2025 Books   Dewey Decimal Classification       CBE Dodoma CBE Dodoma General Collection 04/22/2005 99911.00
06/05/2025   TEA. LECT 658 PIE 00000011155 299733.00 06/05/2025 Books   Dewey Decimal Classification       College of Business Education Main Library College of Business Education Main Library Reference Collection 04/22/2005 99911.00
06/05/2025   TEA. LECT 658 PIE 00000011156 299733.00 06/05/2025 Books   Dewey Decimal Classification       College of Business Education Main Library College of Business Education Main Library Reference Collection 04/22/2005 99911.00
06/05/2025   TEA. LECT 658 PIE 00000011157 299733.00 06/05/2025 Books   Dewey Decimal Classification       College of Business Education Main Library College of Business Education Main Library Reference Collection 04/22/2005 99911.00